Contabilidad en general (Record no. 160550)

MARC details
000 -LEADER
campo de control de longitud fija 00788nam a22001575i 4500
001 - NÚMERO DE CONTROL
campo de control 160550
003 - IDENTIFICADOR DE NÚMERO DE CONTROL
campo de control ES-MaACL
005 - FECHA Y HORA DE LA ÚLTIMA TRANSACCIÓN
campo de control 20230906212051.0
008 - DATOS DE LONGITUD FIJA--INFORMACIÓN GENERAL
campo de control de longitud fija 950206m18561857sp |||| | spa d
040 ## - FUENTE DE CATALOGACIÓN
Centro catalogador/agencia de origen CARM
Lengua de catalogación spa
Centro/agencia transcriptor CCPB | PA2
100 1# - ENTRADA PRINCIPAL--NOMBRE DE PERSONA
Nombre de persona Navarro, Juan de Dios.
9 (RLIN) 130417
245 10 - MENCIÓN DEL TÍTULO
Título Contabilidad en general
Resto del título : escuela teorico-practica : recopilacion de diferentes tratados y sistemas originales ... /
Mención de responsabilidad, etc. por Juan de Dios Navarro.
260 ## - PUBLICACIÓN, DISTRIBUCIÓN, ETC.
Lugar de publicación, distribución, etc. Madrid :
Nombre del editor, distribuidor, etc. [s.n.],
Fecha de publicación, distribución, etc. 1856-1857 (
Fabricante Imp. y Litografia del Agente industrial Minero, a cargo de V. Maldonado)
300 ## - DESCRIPCIÓN FÍSICA
Extensión 3 v. ;
Dimensiones 28 cm.
852 ## - LOCALIZACIÓN
Ubicación ES-MaACL
Número de control de estantería G-5791
Nota libre -- Enc. hol.
-- -- 3 t. en 1 v.
Encuadernación -- Edic.: En el pie de imp. del t.III: Imprenta de Vicente Maldonado -- T.I, 1856 (336 p.) - T.II, 1856 (346 p.) - T.III, 1857 (352 p.)
Holdings
Estatus retirado Estado de pérdida Estado de daño No para préstamo Colección Biblioteca de origen Biblioteca actual Ubicación en estantería Fecha de adquisición Fuente de adquisición Total de préstamos Signatura topográfica completa Código de barras Visto por última vez Precio de reemplazo Tipo de ítem Koha
        Libros del s. XIX Biblioteca del Ateneo de Madrid Biblioteca del Ateneo de Madrid Depósito 2 17/01/2008     G-5791 1168109 23/02/2023 23/02/2023 Libro impreso antiguo